Differential and integral calculus : theory and problems

Tallennettuna:
Bibliografiset tiedot
Päätekijä: Ayres, Frank, 1901-1994
Aineistotyyppi: Kirja
Kieli:English
Julkaistu: New York, New York : Schaum, 1950.
Sarja:Schaum’s outline series
Aiheet:
Tagit: Lisää tagi
Ei tageja, Lisää ensimmäinen tagi!

MARC

LEADER 00000nam a2200000Ia 4500
003 000707
005 20221231143954.0
008 140114s1950 nyua 000 ||eng d
040 |c cru CEDI 
082 |a  517.2 A985d 
100 |a Ayres, Frank, 1901-1994  |9 20519 
245 |a Differential and integral calculus : theory and problems 
260 |a  New York, New York : Schaum,   |c 1950. 
300 |a  232 páginas : ilustraciones 
440 |a Schaum’s outline series   |9 19116 
650 |x CALCULO DIFERENCIAL   |x CALCULO INTEGRAL   |x  PROBLEMAS, EJERCICIOS, ETC.  |9 20642 
942 |2 ddc  |c BK 
999 |c 15003  |d 15003